Les 100 meilleurs clubs d’Europe(2024-2025) - Statistiques

Statistiques générales
  • Ce quiz a été pris 170 fois
  • Le résultat moyen est 39 sur 100
Statistiques - réponses
Hint Réponse % Correct
Espagne 1 Real Madrid
100%
Angleterre 2 Manchester City
97%
France 5 Paris
97%
Italie 6 Inter
95%
Angleterre 4 Liverpool
95%
Allemagne 3 Bayern Munich
94%
Espagne 10 Barcelone
92%
Angleterre 13 Manchester United
91%
Angleterre 12 Arsenal
90%
Italie 19 AC Milan
89%
Angleterre 9 Chelsea
86%
Italie 21 Juventus
85%
Espagne 14 Atlético Madrid
81%
Italie 32 Naples
81%
Portugal 15 Benfica
80%
Portugal 18 Porto
80%
Allemagne 7 Borussia Dortmund
78%
France 44 Marseille
74%
France 51 Lyon
73%
Pays-Bas 29 Ajax
70%
Allemagne 11 Bayer,Leverkusen
70%
France 30 Lille
70%
Italie 16 Atalanta
68%
Portugal 35 Sporting
68%
Italie 22 Lazio
67%
Italie 8 Roma
66%
France 54 Monaco
64%
Espagne 36 Séville
63%
Pays-Bas 27 PSV
61%
Angleterre 33 Tottenham
61%
Angleterre 48 Aston Villa
57%
Écosse 59 Celtic
54%
Allemagne 20 Leipzig
54%
Ecosse 25 Rangers
54%
Espagne 31 Real Sociedad
51%
Turquie 58 Galatasaray
48%
Espagne 17 Villareal
48%
France 87 Nice
47%
France 55 Rennes
47%
Italie 34 Fiorentina
43%
Angleterre 84 Newcastle
42%
Belgique 24 Club Bruges
40%
Espagne 76 Athletic Bilbao
39%
Angleterre 28 West Ham
39%
Suisse 65 Bale
37%
Italie 90 Bologne
37%
Turquie 46 Fenerbahce
37%
Portugal 47 Braga
35%
Suisse 62 Young
31%
Croatie 38 Dinamo Zagreb
30%
Autriche 43 Salzburg
30%
Espagne 95 Girona
28%
Tchéquie 41 Slavia Prague
27%
Tchéquie 70 Sparta
27%
Danemark 49 Copen
26%
Pays-Bas 26 Feyenord
26%
Pays-Bas 39 AZ
25%
Ukraine 77 Dynamo Kiev
25%
Allemagne 23 Franckfurt
21%
Norvège 42 Bodo Glimt
20%
Serbie 50 Etoile Rouge de Belgrade
20%
Pologne 71 Legia Varsovie
18%
Angleterre 81 Leicester
18%
Autriche 67 Rapid
18%
Angleterre 83 Brighton
17%
Israël 60 Maccabi Tel Aviv
17%
Espagne 45 Real Betis
17%
Ukraine 40 Shaktar Donetsk
17%
Belgique 86 Antwerp
16%
Hongrie 57 Ferencvaros
16%
Azerbaïdjan 68 Qara
16%
Allemagne 91 Hoffenheim
15%
Allemagne 80 Union Berlin
15%
Grèce 37 Olympiacos
14%
Grèce 52 PAOK
14%
Israël 98 Maccabi Haïfa
13%
Slovaquie 64 Bratislava
12%
Autriche 78 Sturm Graz
12%
Serbie 85 Partizan
11%
Norvège 63 Molde
9%
Moldavie 88 Sherif
9%
Tchéquie 56 Viktoria Plzen
9%
Espagne 96 Osasuna
8%
Portugal 94 Vitoria
8%
Turquie 79 Basaksehir
6%
Roumanie 82 FCSB
6%
Allemagne 74 Freiburg
6%
Belgique 53 Gent
6%
Autriche 73 LASK
6%
Pologne 93 Lech Poznan
6%
Bulgarie 75 Ludogorets
6%
Suisse 89 Lugano
6%
Danemark 66 Midtjylland
6%
Irlande 99 Shamrock Rovers
4%
Roumanie 92 CFR Cluj
3%
Slovénie 100 Olimpija
3%
Espagne 97 Granada
2%
Belgique 61 Union SG
2%
Belgique 72 Andelercht
1%
Suède 69 Djurgardens
1%
Aucun quiz correspondant
Distribution des résultats
% des personnes avec chaque résultat
Percentile par nombre de réponses
Votre historique - résultats
Vous n’avez pas pris ce quiz